[Event "13th Dubai open 2011"]
[Site "Dubai Chess club"]
[Date "2011.04.10"]
[Round "1"]
[Board "1"]
[White "Sasikiran, Krishnan"]
[Black "Feldman, Vladimir"]
[Result "1-0"]
[WhiteElo "2682"]
[BlackElo "2270"]
[PlyCount "143"]
[EventDate "2011.04.10"]
[EventRounds "9"]
[EventCountry "UAE"]

1.d4 Nf6 2.Nf3 g6 3.Bg5 d5 4.Nbd2 Bg7 5.e3 O-O 6.Be2 c5 7.c3 Qb6 8.Qb3 Nc6 9.O-O
Be6 10.Rfd1 c4 11.Qa3 Qa5 12.Qxa5 Nxa5 13.Ne5 Rfc8 14.Bh4 Rab8 15.Bg3 b6 16.b4
cxb3 17.axb3 Ra8 18.b4 Nc4 19.Nexc4 dxc4 20.b5 Nd5 21.Rdc1 Nc7 22.Rcb1 Nd5
23.Ra3 Bh6 24.Kf1 Bf5 25.Rc1 Bd3 26.Bxd3 cxd3 27.c4 f5 28.Re1 f4 29.cxd5 fxg3
30.hxg3 Rd8 31.Rxd3 Rxd5 32.Nf3 Bg7 33.Ra3 h6 34.Re2 e6 35.Rc3 e5 36.dxe5 Bxe5
37.Nxe5 Rxe5 38.Rc7 Rd5 39.Rb2 Rd6 40.e4 a5 41.bxa6 Rxa6 42.g4 Ra3 43.Rb7 Re6
44.f3 Ra6 45.Kf2 g5 46.Rc2 Ra8 47.Rd7 Rb8 48.Rcc7 b5 49.Rg7+ Kh8 50.Rh7+ Kg8
51.Rcg7+ Kf8 52.Rb7 Rxb7 53.Rxb7 Ra6 54.Rxb5 Ra2+ 55.Kg3 Kf7 56.Rb1 Kf8 57.Rh1
Kg7 58.Rf1 Kf6 59.Rf2 Ra3 60.Rb2 Kg7 61.Kf2 Rc3 62.g3 Rc4 63.Re2 Kf6 64.f4 Rc3
65.e5+ Ke7 66.f5 Rc4 67.Kf3 Rc3+ 68.Re3 Rc4 69.Ra3 Rb4 70.Ra7+ Kf8 71.e6 Rb1
72.Ke4

[Event "13th Dubai open 2011"]
[Site "Dubai Chess club"]
[Date "2011.04.10"]
[Round "1"]
[Board "1"]
[White "Das, Sayantan"]
[Black "Akopian, Vladimir"]
[Result "0-1"]
[WhiteElo "2268"]
[BlackElo "2675"]
[PlyCount "78"]
[EventDate "2011.04.10"]
[EventRounds "9"]
[EventCountry "UAE"]

1.e4 c5 2.Nf3 e6 3.d4 cxd4 4.Nxd4 a6 5.c4 Nf6 6.Nc3 Bb4 7.Qc2 Qc7 8.a3 Bxc3+
9.Qxc3 Nxe4 10.Nb5 {Diagram #} axb5 11.Qxg7 Rf8 12.Bh6 Qd6 13.cxb5 b6 14.f3 Nc5
15.b4 Na4 16.Rc1 Bb7 17.Rc7 Ra7 18.Bd3 f5 19.Qxf8+ Qxf8 20.Bxf8 Kxf8 21.Kd2 Ke7
22.Rhc1 Kd8 23.R7c2 d5 24.f4 Nd7 25.Re1 Nf8 26.Ke3 Ke7 27.Kd4 Kd6 28.h3 Nd7
29.Rce2 Ndc5 30.Bc2 Ne4 31.Bxe4 fxe4 32.Ra1 Bc8 33.Rc2 Bd7 34.g3 Bxb5 35.Rc8 Bd7
36.Rc2 b5 37.g4 Nb6 38.g5 Nc4 39.Rc3 Ra8

[Event "13th Dubai open 2011"]
[Site "Dubai Chess club"]
[Date "2011.04.10"]
[Round "1"]
[Board "1"]
[White "Schneider, Veronika"]
[Black "Andriasian, Zaven"]
[Result "0-1"]
[WhiteElo "2247"]
[BlackElo "2645"]
[PlyCount "100"]
[EventDate "2011.04.10"]
[EventRounds "9"]
[EventCountry "UAE"]

1.e4 c5 2.c3 Nf6 3.e5 Nd5 4.Nf3 Nc6 5.d4 cxd4 6.cxd4 d6 7.Bc4 Nb6 8.Bb5 dxe5
9.Nxe5 Bd7 10.Nxd7 Qxd7 11.Nc3 e6 12.O-O Rd8 13.Be3 Be7 14.Qf3 O-O 15.Bxc6 bxc6
16.Rac1 Nd5 17.Ne4 Rb8 18.b3 Rb5 19.Rc4 Ra5 20.a4 Nxe3 21.Qxe3 Rd5 22.Nc3 Rf5
23.Qe4 Rc8 24.g3 h5 25.Rc1 Bg5 26.Rc2 Rb8 27.Qxc6 Qxc6 28.Rxc6 Rxb3 29.Ra6 Bf6
30.Nb5 h4 31.Kg2 Rh5 32.f4 h3+ 33.Kf2 Rd5 34.Ke2 g5 35.Rxa7 gxf4 36.gxf4 Bxd4
37.Nxd4 Rxd4 38.f5 exf5 39.Ra5 Re4+ 40.Kd2 Rf3 41.Kc1 Kg7 42.Ra7 Kg6 43.a5 Ra3
44.Rcc7 Re2 45.Rc2 Rxc2+ 46.Kxc2 Ra2+ 47.Kb3 Rxh2 48.a6 Rh1 49.Rc7 Rb1+ 50.Ka2
h2

[Event "13th Dubai open 2011"]
[Site "Dubai Chess club"]
[Date "2011.04.10"]
[Round "1"]
[Board "1"]
[White "Ganguly, Surya Shekhar"]
[Black "Guidez, Yann-Michael"]
[Result "1-0"]
[WhiteElo "2643"]
[BlackElo "2247"]
[PlyCount "81"]
[EventDate "2011.04.10"]
[EventRounds "9"]
[EventCountry "UAE"]

1.e4 c5 2.Nf3 d6 3.d4 cxd4 4.Nxd4 Nf6 5.Nc3 a6 6.h3 e5 7.Nde2 h5 8.g3 Be6 9.Bg2
Be7 10.a4 b6 11.Bg5 Nbd7 12.Qd2 Rb8 13.Na2 Qc7 14.Nb4 Qb7 15.Nc3 Rd8 16.Ncd5 Nc5
17.Nxe7 Kxe7 18.Qe3 Ke8 19.O-O a5 20.Nd5 Bxd5 21.exd5 Rd7 22.c3 Nh7 23.Bh4 f6
24.f4 Re7 25.f5 e4 26.b4 Na6 27.Rab1 axb4 28.cxb4 Nc7 29.a5 Kd7 30.Rfd1 Ra8
31.Bf1 bxa5 32.bxa5 Qa7 33.Qb6 Ng5 34.Bxg5 fxg5 35.Kh1 Qxb6 36.axb6 Ne8 37.Rdc1
Kd8 38.Ba6 Rb8 39.Kg2 Re5 40.Rc6 Rxd5 41.Rbc1

[Event "13th Dubai open 2011"]
[Site "Dubai Chess club"]
[Date "2011.04.10"]
[Round "1"]
[Board "1"]
[White "Ghader Pour,  Shayesteh"]
[Black "Aleksandrov, Aleksej"]
[Result "1-0"]
[WhiteElo "2241"]
[BlackElo "2638"]
[PlyCount "107"]
[EventDate "2011.04.10"]
[EventRounds "9"]
[EventCountry "UAE"]

1.e4 e5 2.Nf3 Nc6 3.Bb5 a6 4.Ba4 Nf6 5.O-O Be7 6.Re1 b5 7.Bb3 d6 8.c3 O-O 9.h3
Na5 10.Bc2 c5 11.d4 Qc7 12.d5 Bd7 13.b3 c4 14.b4 Nb7 15.a4 bxa4 16.Bxa4 a5
17.Bxd7 Nxd7 18.Be3 g6 19.Na3 f5 20.Nb5 {Diagram #} Qb8 21.Bh6 Rf7 22.Qe2 Nb6
23.Nd2 fxe4 24.Nxe4 axb4 25.cxb4 Rxa1 26.Rxa1 Nxd5 27.Qxc4 Nb6 28.Qc6 d5 29.Ra7
Bh4 30.Qxb6 dxe4 31.Be3 Kg7 32.Nc3 Bd8 33.Qb5 h6 34.Nxe4 Bg5 35.Nxg5 hxg5 36.Qb6
Qc8 37.Bxg5 Qd7 38.Bf6+ Rxf6 39.Qxb7 Qxb7 40.Rxb7+ Kh6 41.b5 e4 42.Re7 Rf5 43.b6
Rb5 44.b7 Rb1+ 45.Kh2 Kg5 46.Rf7 Rb2 47.Kg3 Rb3+ 48.f3 exf3 49.gxf3 Kh5 50.Kf4
g5+ 51.Ke5 Kh4 52.Kd6 Kxh3 53.Kc7 Rc3+ 54.Kd8

[Event "13th Dubai open 2011"]
[Site "Dubai Chess club"]
[Date "2011.04.10"]
[Round "1"]
[Board "1"]
[White "Mchedlishvili, Mikheil"]
[Black "El Arousy, Abdul Hameed"]
[Result "1-0"]
[WhiteElo "2629"]
[BlackElo "2238"]
[PlyCount "117"]
[EventDate "2011.04.10"]
[EventRounds "9"]
[EventCountry "UAE"]

1.d4 Nf6 2.c4 e6 3.Nf3 b6 4.a3 Bb7 5.Nc3 d5 6.cxd5 Nxd5 7.Qa4+ c6 8.e4 Nxc3
9.bxc3 Be7 10.Bd3 Nd7 11.Qc2 c5 12.O-O Qc7 13.Qe2 O-O 14.a4 Rfd8 15.Re1 Nf8
16.g3 Ng6 17.h4 h6 18.Be3 Bf8 19.Nd2 Rac8 20.Red1 Ne7 21.Bf4 Qd7 22.Nf3 cxd4
23.cxd4 Nc6 24.Bc4 Qe8 25.Bb5 Qe7 26.Rab1 g6 27.Qe3 Kh7 28.Bf1 Bg7 29.Bh3 Ra8
30.d5 exd5 31.exd5 Qxe3 32.fxe3 Na5 33.e4 f5 34.h5 fxe4 35.hxg6+ Kh8 36.Ne5 Bxd5
37.Rxd5 Rxd5 38.Nf7+ Kg8 39.Be6 Rd4 40.Nxh6+ Kf8 41.Nf5 Rad8 42.Nxd4 Bxd4+
43.Kg2 Kg7 44.Bf5 e3 45.Rc1 Kf6 46.g4 Bc5 47.Rh1 Rd2+ 48.Kg3 Bd6 49.Bxd6 Rxd6
50.Rh7 e2 51.Kf2 Rd8 52.Kxe2 Nc6 53.Rf7+ Kg5 54.g7 Re8+ 55.Kf2 Rg8 56.Bh7 Ne5
57.Bxg8 Nxg4+ 58.Kg1 Nh6 59.Rxa7

[Event "13th Dubai open 2011"]
[Site "Dubai Chess club"]
[Date "2011.04.10"]
[Round "1"]
[Board "1"]
[White "Al-Tarbosh, Ward"]
[Black "Kuzubov, Yuriy"]
[Result "0-1"]
[WhiteElo "2230"]
[BlackElo "2627"]
[PlyCount "54"]
[EventDate "2011.04.10"]
[EventRounds "9"]
[EventCountry "UAE"]

1.Nf3 f5 2.d3 d6 3.Bg5 h6 4.Bd2 e5 5.e4 Nc6 6.g3 Be6 7.Nc3 fxe4 8.Nh4 Nge7
9.dxe4 Qd7 10.Be3 O-O-O 11.Nd5 Kb8 12.Bg2 g5 13.Nf6 Qc8 14.Nf3 d5 15.exd5 Nxd5
16.Nxd5 Bxd5 17.Qe2 Bb4+ 18.c3 Nd4 19.Qd1 g4 20.Bxd4 exd4 21.cxb4 Rhe8+ 22.Kf1
gxf3 23.Bxf3 Qh3+ 24.Kg1 Re1+ 25.Qxe1 Bxf3 26.Qf1 Qxf1+ 27.Rxf1 d3

[Event "13th Dubai open 2011"]
[Site "Dubai Chess club"]
[Date "2011.04.10"]
[Round "1"]
[Board "1"]
[White "Volkov, Sergey"]
[Black "Mohannad, Farhan"]
[Result "1-0"]
[WhiteElo "2621"]
[BlackElo "2221"]
[PlyCount "53"]
[EventDate "2011.04.10"]
[EventRounds "9"]
[EventCountry "UAE"]

1.d4 Nf6 2.c4 e6 3.Nc3 Bb4 4.f3 c5 5.d5 b5 6.e4 bxc4 7.Bxc4 Nxd5 8.Bxd5 exd5
9.Qxd5 Nc6 10.Nge2 Ba6 11.Kf2 O-O 12.Rd1 Ba5 13.a3 Rb8 14.Bg5 Qe8 15.Rab1 Ne5
16.Bf4 Bc7 17.Bxe5 Bxe5 18.Qxc5 f5 19.Ng3 fxe4 20.Ncxe4 Bxb2 21.Qd5+ Kh8 22.Nc5
Qg6 23.Nge4 Qh6 24.Nd6 Qh4+ 25.Kg1 Bd4+ 26.Kh1 Rxb1 27.Nf7+

[Event "13th Dubai open 2011"]
[Site "Dubai Chess club"]
[Date "2011.04.10"]
[Round "1"]
[Board "1"]
[White "Birjukov, Sergey"]
[Black "Kazhgaleyev, Murtas"]
[Result "0-1"]
[WhiteElo "2218"]
[BlackElo "2618"]
[PlyCount "74"]
[EventDate "2011.04.10"]
[EventRounds "9"]
[EventCountry "UAE"]

1.d4 d6 2.Nf3 Bg4 3.e3 g6 4.Be2 Bg7 5.h3 Bf5 6.O-O Nf6 7.Bd3 Qc8 8.Bxf5 Qxf5
9.Qd3 Qxd3 10.cxd3 c5 11.dxc5 dxc5 12.d4 Nc6 13.dxc5 Ne4 14.Nbd2 Nxc5 15.Rb1 Nd3
16.Rd1 O-O 17.Nb3 Rfd8 18.a3 Rac8 19.Kf1 Nce5 20.Nfd4 Nxc1 21.Rdxc1 Nc4 22.Ke2
e5 23.Nb5 a6 24.Nc3 e4 25.Nd1 Rc6 26.Rc2 Rd3 27.Nc1 Rd5 28.Na2 Nxa3 29.Rxc6 Nxb1
30.Rc8+ Bf8 31.Ndc3 Rd2+ 32.Ke1 Rxb2 33.g4 Kg7 34.g5 Nxc3 35.Nxc3 Bb4 36.Kd1
Bxc3 37.Rxc3 Rxf2

[Event "13th Dubai open 2011"]
[Site "Dubai Chess club"]
[Date "2011.04.10"]
[Round "1"]
[Board "1"]
[White "Negi, Parimarjan"]
[Black "Al Razi, Naji Mohd Saeed"]
[Result "1-0"]
[WhiteElo "2618"]
[BlackElo "2209"]
[PlyCount "37"]
[EventDate "2011.04.10"]
[EventRounds "9"]
[EventCountry "UAE"]

1.e4 e6 2.d4 d5 3.Nc3 Bb4 4.e5 c5 5.a3 Bxc3+ 6.bxc3 Qa5 7.Bd2 Ne7 8.Qg4 O-O
9.Bd3 Nbc6 10.Qh5 Nf5 11.g4 g6 12.Qh3 Ng7 13.Nf3 Qc7 14.Ng5 h5 15.gxh5 gxh5
16.Nh7 f5 17.Nxf8 Kxf8 18.Rg1 cxd4 19.Bh6

[Event "13th Dubai open 2011"]
[Site "Dubai Chess club"]
[Date "2011.04.10"]
[Round "1"]
[Board "1"]
[White "Saduakassova, Dinara"]
[Black "Berg, Emanuel"]
[Result "1/2-1/2"]
[WhiteElo "2208"]
[BlackElo "2612"]
[PlyCount "163"]
[EventDate "2011.04.10"]
[EventRounds "9"]
[EventCountry "UAE"]

1.e4 c5 2.Nf3 d6 3.d4 cxd4 4.Nxd4 Nf6 5.Nc3 a6 6.Be2 e5 7.Nb3 Be7 8.Bg5 Be6
9.Bxf6 Bxf6 10.Qd3 Be7 11.Nd5 Nd7 12.Nxe7 Qxe7 13.Rd1 Nf6 14.Qxd6 Qxd6 15.Rxd6
Nxe4 16.Rb6 O-O-O 17.Bf3 Nd6 18.Nc5 Kc7 19.Rb4 Bc8 20.Rb3 a5 21.Re3 Rhe8 22.Nb3
b6 23.Nd2 Kb8 24.Be2 Nf5 25.Rc3 Nd4 26.Bd1 Be6 27.a3 f5 28.Nf3 Bd5 29.O-O Nb5
30.Re3 e4 31.Nd2 f4 32.Ree1 e3 33.fxe3 fxe3 34.Nf3 Bxf3 35.Bxf3 Nd4 36.c3 Nb3
37.Re2 Nd2 38.Rfe1 Nxf3+ 39.gxf3 Rd3 40.f4 Kc7 41.Kg2 Kc6 42.Kf3 Kb5 43.Rxe3
Rexe3+ 44.Rxe3 Kc4 45.a4 Rxe3+ 46.Kxe3 Kb3 47.Kd4 Kxb2 48.f5 Kb3 49.Ke5 Kxa4
50.Ke6 Kb3 51.Kf7 a4 52.Kxg7 a3 53.f6 a2 54.f7 a1=Q 55.f8=Q Qxc3+ 56.Kxh7 Qc2+
57.Kg8 Qg2+ 58.Qg7 Qxh2 59.Qf7+ Kb4 60.Qe7+ Kb5 61.Qe8+ Kc5 62.Qe3+ Kc6 63.Qe4+
Kd6 64.Qb4+ Kc7 65.Qe7+ Kc8 66.Qe8+ Kb7 67.Qe4+ Kc7 68.Qe7+ Kc6 69.Qe4+ Kd7
70.Qf5+ Kd6 71.Qf6+ Kc5 72.Qc3+ Kd5 73.Qd3+ Kc5 74.Qe3+ Kb5 75.Qd3+ Kb4 76.Qe4+
Ka5 77.Qa8+ Kb5 78.Qd5+ Ka4 79.Qe4+ Ka5 80.Qa8+ Kb4 81.Qe4+ Kc5 82.Qe3+

[Event "13th Dubai open 2011"]
[Site "Dubai Chess club"]
[Date "2011.04.10"]
[Round "1"]
[Board "1"]
[White "Hammer, Jon Ludvig"]
[Black "Sanal, Vahap"]
[Result "0-1"]
[WhiteElo "2606"]
[BlackElo "2200"]
[PlyCount "88"]
[EventDate "2011.04.10"]
[EventRounds "9"]
[EventCountry "UAE"]

1.d4 Nf6 2.c4 e6 3.Nf3 b6 4.g3 Ba6 5.Qc2 c5 6.d5 exd5 7.cxd5 g6 8.e4 Bxf1 9.Kxf1
Bg7 10.Bf4 d6 11.Nc3 O-O 12.Rd1 Ng4 13.Kg2 Ne5 14.Ng1 Nbd7 15.Bc1 c4 16.Nge2 Nd3
17.Be3 a6 18.Nd4 b5 19.b3 N7c5 20.bxc4 bxc4 21.f3 Qa5 22.Nce2 Qa3 23.Bg5 Rfb8
24.Rb1 c3 25.Nc6 Rb2 26.Rxb2 cxb2 27.Be7 Qxa2 {Diagram #} 28.Rb1 Qa1 29.Kf1 Nb3
30.Bg5 Nbc5 31.Be3 Qa4 32.Qxa4 Nxa4 33.f4 Kf8 34.Bd2 Ke8 35.e5 dxe5 36.Nc3 Nac5
37.fxe5 Nxe5 38.Nxe5 Bxe5 39.Ke2 Rb8 40.Nd1 Ne4 41.Be1 Rb3 42.Ne3 Nc3+ 43.Bxc3
Rxc3 44.Kd2 Rc5

[Event "13th Dubai open 2011"]
[Site "Dubai Chess club"]
[Date "2011.04.10"]
[Round "1"]
[Board "1"]
[White "Berezina, Irina"]
[Black "Balogh, Csaba"]
[Result "0-1"]
[WhiteElo "2199"]
[BlackElo "2601"]
[PlyCount "46"]
[EventDate "2011.04.10"]
[EventRounds "9"]
[EventCountry "UAE"]

1.d4 Nf6 2.Nf3 e6 3.g3 d5 4.c4 dxc4 5.Qa4+ c6 6.Qxc4 b5 7.Qc2 Bb7 8.Bg2 Nbd7
9.O-O c5 10.a4 b4 11.a5 Rc8 12.dxc5 Bxc5 13.Qd1 O-O 14.Bf4 Qe7 15.a6 Bd5 16.Ne5
Rfd8 17.Qa4 Nxe5 18.Bxe5 Ng4 19.Bf4 Bxf2+ 20.Rxf2 Qc5 21.e3 Bxg2 22.Kxg2 Qd5+
23.Rf3 Qe4

[Event "13th Dubai open 2011"]
[Site "Dubai Chess club"]
[Date "2011.04.10"]
[Round "1"]
[Board "1"]
[White "Gagunashvili, Merab"]
[Black "Saleh, Najeeb"]
[Result "1-0"]
[WhiteElo "2599"]
[BlackElo "2194"]
[PlyCount "49"]
[EventDate "2011.04.10"]
[EventRounds "9"]
[EventCountry "UAE"]

1.d4 f5 2.Nc3 Nf6 3.Bg5 Nc6 4.d5 Ne5 5.Nf3 Nf7 6.Bxf6 exf6 7.e3 c5 8.Bd3 g6 9.h3
a6 10.g4 fxg4 11.hxg4 d6 12.Nd2 b5 13.f4 Bg7 14.Qf3 Bd7 15.Kf2 Nh6 16.Rag1 c4
17.Be2 f5 18.gxf5 Nxf5 19.Nce4 Qb6 20.c3 O-O 21.Qh3 Bh6 22.Bg4 Nxe3 23.Bxd7
Nxd5+ 24.Ke1 Nxf4 25.Qxh6

[Event "13th Dubai open 2011"]
[Site "Dubai Chess club"]
[Date "2011.04.10"]
[Round "1"]
[Board "1"]
[White "Fedorov, Alexei"]
[Black "Aboudi, Marwan"]
[Result "1-0"]
[WhiteElo "2596"]
[BlackElo "2184"]
[PlyCount "56"]
[EventDate "2011.04.10"]
[EventRounds "9"]
[EventCountry "UAE"]

1.e4 e5 2.Nf3 Nc6 3.Bc4 Nf6 4.d3 Bc5 5.c3 d6 6.Bb3 h6 7.O-O O-O 8.Nbd2 a6 9.Re1
Re8 10.Nf1 Ba7 11.Be3 Bxe3 12.Nxe3 Ng4 13.d4 exd4 14.cxd4 Rxe4 15.Nxg4 Rxg4
16.d5 Ne7 17.Qe2 Kf8 18.Rac1 Bf5 19.Qd2 Re4 20.Nd4 Rxe1+ 21.Rxe1 Qd7 22.Qf4 Kg8
23.h4 Bh7 24.h5 Rf8 25.Rc1 c5 26.dxc6 Nxc6 27.Nxc6 bxc6 28.Qc4 c5

[Event "13th Dubai open 2011"]
[Site "Dubai Chess club"]
[Date "2011.04.10"]
[Round "1"]
[Board "1"]
[White "Ilhomzoda, Ikrom"]
[Black "Pantsulaia, Levan"]
[Result "0-1"]
[WhiteElo "2184"]
[BlackElo "2595"]
[PlyCount "96"]
[EventDate "2011.04.10"]
[EventRounds "9"]
[EventCountry "UAE"]

1.d4 Nf6 2.Bg5 e6 3.e4 h6 4.Bxf6 Qxf6 5.Nc3 d6 6.Qd2 g5 7.Bc4 Bg7 8.Nge2 Nc6
9.Rd1 Bd7 10.O-O O-O-O 11.Nb5 a6 12.Na3 Qe7 13.Rb1 Kb8 14.Rfe1 Bc8 15.b4 d5
16.exd5 exd5 17.Bd3 Qd6 18.Qc3 Bf8 19.b5 Qxa3 20.bxc6 Qxc3 21.Nxc3 b6 22.Re5 Bg7
23.Rxd5 Bxd4 24.Rxd8 Rxd8 25.Ne2 Bc5 26.Ng3 Rd6 27.Re1 Rxc6 28.Re8 Re6 29.Rh8
Kb7 30.Kf1 Bd7 31.Nf5 Bb4 32.f3 Bb5 33.Nxh6 Bxd3+ 34.cxd3 Re1+ 35.Kf2 Ra1
36.Nxf7 Rxa2+ 37.Kg3 a5 38.Nd8+ Ka6 39.Ne6 Bd6+ 40.f4 gxf4+ 41.Kf3 Rd2 42.d4 Ka7
43.Nd8 Rc2 44.d5 a4 45.Nc6+ Rxc6 46.dxc6 a3 47.Re8 a2 48.Re1 Be5

[Event "13th Dubai open 2011"]
[Site "Dubai Chess club"]
[Date "2011.04.10"]
[Round "1"]
[Board "1"]
[White "Kowsarinia, Amir"]
[Black "Gupta, Abhijeet"]
[Result "0-1"]
[WhiteElo "2168"]
[BlackElo "2580"]
[PlyCount "130"]
[EventDate "2011.04.10"]
[EventRounds "9"]
[EventCountry "UAE"]

1.Nf3 Nf6 2.c4 c6 3.Nc3 d5 4.cxd5 cxd5 5.d4 Nc6 6.Bf4 Nh5 7.Bd2 e6 8.e3 Bd6
9.Bd3 O-O 10.O-O f5 11.Ne5 Nf6 12.f4 Ne4 13.Rc1 Bd7 14.Nxe4 fxe4 15.Nxd7 Qxd7
16.Bb5 Rfc8 17.Qa4 a6 18.Bxc6 Rxc6 19.Rxc6 Qxc6 20.Qxc6 bxc6 21.Rc1 Rc8 22.Ba5
Kf7 23.a3 Ke8 24.b4 Kd7 25.Bb6 g6 26.Kf2 g5 27.g3 Rg8 28.Bc5 Bc7 29.Rf1 h5
30.fxg5 Rxg5 31.Ke2 Rf5 32.Rxf5 exf5 33.Kf2 Kc8 34.Ke2 Kd7 35.Kf2 Ke8 36.Kg2 Kf7
37.Kf2 Ke6 38.Kg2 Bd8 39.Kf2 h4 40.Kg2 h3+ 41.Kf2 Kd7 42.Ke2 Bc7 43.Kf2 Kc8
44.Be7 Kb7 45.Bc5 a5 46.bxa5 Ka6 47.Bb4 Kb5 48.Be7 Kxa5 49.Bf6 Bd6 50.Be5 Bxa3
51.g4 fxg4 52.Kg3 Bc1 53.Bf4 Kb4 54.Kxg4 Kc3 55.Kg3 Kd3 56.Kf2 c5 57.dxc5 d4
58.Kg3 dxe3 59.Kxh3 e2 60.Bg3 Bf4 61.Be1 Bd2 62.c6 Bxe1 63.c7 Bc3 64.c8=Q e1=Q
65.Qa6+ Kd2

[Event "13th Dubai open 2011"]
[Site "Dubai Chess club"]
[Date "2011.04.10"]
[Round "1"]
[Board "1"]
[White "Mamedov, Nidjat"]
[Black "Abedi, Ali"]
[Result "1-0"]
[WhiteElo "2580"]
[BlackElo "2159"]
[PlyCount "35"]
[EventDate "2011.04.10"]
[EventRounds "9"]
[EventCountry "UAE"]

1.e4 c5 2.Nf3 e6 3.d4 cxd4 4.Nxd4 Nf6 5.Nc3 d6 6.Be3 a6 7.f3 Be7 8.Qd2 b5
9.O-O-O O-O 10.g4 Bb7 11.g5 Nfd7 12.h4 b4 13.Na4 d5 14.Kb1 Qa5 15.b3 Nc5 16.Nxc5
Bxc5 17.g6 hxg6 18.h5

[Event "13th Dubai open 2011"]
[Site "Dubai Chess club"]
[Date "2011.04.10"]
[Round "1"]
[Board "1"]
[White "Arabi, Saeid"]
[Black "Halkias, Stelios"]
[Result "0-1"]
[WhiteElo "2159"]
[BlackElo "2579"]
[PlyCount "68"]
[EventDate "2011.04.10"]
[EventRounds "9"]
[EventCountry "UAE"]

1.d4 Nf6 2.c4 e6 3.g3 d5 4.Nf3 Bb4+ 5.Bd2 Bd6 6.Bg2 c6 7.O-O Nbd7 8.Nc3 dxc4
9.e4 e5 10.Qe2 b5 11.d5 Bb7 12.a4 a6 13.dxc6 Bxc6 14.b3 b4 15.Qxc4 Rc8 16.Na2 a5
17.Rac1 O-O 18.Be3 Bxe4 19.Qa6 Bc5 20.Rfd1 Bxe3 21.fxe3 Bc2 22.Rd2 Bxb3 23.Nxe5
Rxc1+ 24.Nxc1 Qe7 25.Nxb3 Qxe5 26.e4 Qc3 27.Qd3 Nc5 28.Nxc5 Qxc5+ 29.Kh1 Ng4
30.Qf1 h6 31.h3 Ne3 32.Qf2 Qc3 33.Re2 Nxg2 34.Kxg2 Qc6

[Event "13th Dubai open 2011"]
[Site "Dubai Chess club"]
[Date "2011.04.10"]
[Round "1"]
[Board "1"]
[White "Bennett, John M"]
[Black "Ter-Sahakyan, Samvel"]
[Result "0-1"]
[WhiteElo "2153"]
[BlackElo "2575"]
[PlyCount "56"]
[EventDate "2011.04.10"]
[EventRounds "9"]
[EventCountry "UAE"]

1.d4 d5 2.c4 e6 3.Nf3 Nf6 4.Nc3 Bb4 5.Bg5 h6 6.Bxf6 Qxf6 7.Rc1 dxc4 8.e4 b5
9.Be2 Bb7 10.e5 Qe7 11.O-O a6 12.a4 Bxc3 13.Rxc3 Bd5 14.Nd2 Nc6 15.Bf3 Rd8
16.Bxd5 Rxd5 17.Nf3 O-O 18.axb5 axb5 19.b3 Na5 20.bxc4 Nxc4 21.Qc1 Rfd8 22.h3 c5
23.dxc5 Qxc5 24.Qf4 Rd1 25.Ne1 R8d4 26.Qg3 Qd5 27.Kh1 Re4 28.f4 Qd2

[Event "13th Dubai open 2011"]
[Site "Dubai Chess club"]
[Date "2011.04.10"]
[Round "1"]
[Board "1"]
[White "Minasian, Artashes"]
[Black "Dargan, Paul A G"]
[Result "1-0"]
[WhiteElo "2558"]
[BlackElo "2148"]
[PlyCount "81"]
[EventDate "2011.04.10"]
[EventRounds "9"]
[EventCountry "UAE"]

1.e4 c5 2.Nf3 Nc6 3.Bb5 g6 4.Bxc6 dxc6 5.d3 Bg7 6.h3 Nf6 7.Nc3 e5 8.Be3 Nd7
9.Qd2 Qe7 10.Bh6 f6 11.Bxg7 Qxg7 12.Nh2 Nf8 13.f4 exf4 14.Qxf4 Ne6 15.Qe3 Nd4
16.O-O-O Be6 17.Kb1 O-O-O 18.Nf3 Rhe8 19.g4 f5 20.gxf5 gxf5 21.Rhg1 Qc7 22.Nd2
f4 23.Qf2 Bxh3 24.Nb3 h5 25.Nxc5 Bg4 26.Rdf1 Qb6 27.Nb3 Bh3 28.Re1 Nxb3 29.Qh2
Bg4 30.axb3 f3 31.Nd1 Rg8 32.Nf2 Qc7 33.Qxc7+ Kxc7 34.Kc1 Be6 35.Rxg8 Rxg8
36.Kd2 h4 37.Rh1 h3 38.Ke3 Rf8 39.Rg1 h2 40.Rg7+ Kb6 41.Rh7

[Event "13th Dubai open 2011"]
[Site "Dubai Chess club"]
[Date "2011.04.10"]
[Round "1"]
[Board "1"]
[White "Khademalsharieh, Sarasadat"]
[Black "Anastasian, Ashot"]
[Result "1/2-1/2"]
[WhiteElo "2137"]
[BlackElo "2556"]
[PlyCount "149"]
[EventDate "2011.04.10"]
[EventRounds "9"]
[EventCountry "UAE"]

1.d4 c5 2.d5 e5 3.e4 d6 4.Nc3 Be7 5.Nf3 Nf6 6.Bb5+ Nbd7 7.a4 O-O 8.O-O a6 9.Be2
b6 10.Nd2 Ne8 11.Nc4 Bg5 12.Bg4 Rb8 13.g3 Bxc1 14.Qxc1 Ndf6 15.Bxc8 Qxc8 16.f4
Qh3 17.fxe5 Ng4 18.Qd2 Nxe5 19.Nxe5 dxe5 20.Qd3 Qc8 21.d6 c4 22.Qd5 Qc5+ 23.Qxc5
bxc5 24.Rad1 Nf6 25.Nd5 Nd7 26.Rb1 a5 27.Rf3 f6 28.Rc3 Kf7 29.Rxc4 Ke6 30.b3
Kxd6 31.Rd1 Ke6 32.Nc7+ Ke7 33.Nd5+ Kf7 34.Nc7 Rfd8 35.Na6 Rbc8 36.Rd5 Ke7
37.Rc3 c4 38.Rxa5 cxb3 39.Rxb3 Rxc2 40.Rb7 Rd2 41.Nc5 Rc8 42.Rxd7+ Rxd7 43.Nxd7
Kxd7 44.Kf2 Rc2+ 45.Ke3 Ke6 46.Ra7 g5 47.Rxh7 Rc3+ 48.Ke2 Rc4 49.Kf3 Rxa4 50.h3
Ra3+ 51.Kf2 Ra2+ 52.Kf3 Rh2 53.h4 gxh4 54.Rxh4 Rd2 55.Rh7 Rd3+ 56.Kf2 Rd8 57.Ra7
Rf8 58.Ke3 Rf7 59.Ra6+ Ke7 60.Ra7+ Kf8 61.Ra8+ Kg7 62.Rb8 Kg6 63.Ra8 Rb7 64.Rg8+
Kf7 65.Ra8 Rb3+ 66.Kf2 Ke7 67.Ra7+ Kd6 68.Ra8 Kc5 69.Rd8 Kc4 70.Rd6 Ra3 71.g4
Rc3 72.Rxf6 Kd4 73.g5 Kxe4 74.g6 Rc2+ 75.Kf1

[Event "13th Dubai open 2011"]
[Site "Dubai Chess club"]
[Date "2011.04.10"]
[Round "1"]
[Board "1"]
[White "Simantsev, Mikhail"]
[Black "Coleman, James"]
[Result "1-0"]
[WhiteElo "2556"]
[BlackElo "2136"]
[PlyCount "91"]
[EventDate "2011.04.10"]
[EventRounds "9"]
[EventCountry "UAE"]

1.d4 Nf6 2.c4 e6 3.Nf3 Bb4+ 4.Nbd2 O-O 5.e3 b6 6.Bd3 Bb7 7.O-O Bxd2 8.Nxd2 d5
9.Qc2 Nbd7 10.b4 dxc4 11.Nxc4 Qe7 12.b5 Rfc8 13.Ba3 Qd8 14.Rfd1 a6 15.bxa6 Bxa6
16.Bb2 Nf8 17.a4 Ng6 18.e4 Nh4 19.Bf1 Bb7 20.f3 Qe8 21.Qd2 Ng6 22.a5 Rxa5
23.Rxa5 bxa5 24.Nxa5 Bc6 25.Rc1 Bb5 26.Nc4 Ra8 27.Qc3 Nh5 28.Rb1 Qd8 29.Bc1 c6
30.Be3 Ra2 31.Ra1 Qa8 32.Rxa2 Qxa2 33.g3 h6 34.Bf2 Nf6 35.Bd3 h5 36.h4 Qa4
37.Kg2 Qa6 38.Nb2 Kh7 39.Bxb5 cxb5 40.Qc1 e5 41.d5 Nd7 42.Qc6 Nb8 43.Qe8 Qb7
44.Nd3 Nd7 45.Qxf7 Qc8 46.Qf5

[Event "13th Dubai open 2011"]
[Site "Dubai Chess club"]
[Date "2011.04.10"]
[Round "1"]
[Board "1"]
[White "Marcos Marvin, "]
[Black "Malakhatko, Vadim"]
[Result "0-1"]
[WhiteElo "2134"]
[BlackElo "2546"]
[PlyCount "90"]
[EventDate "2011.04.10"]
[EventRounds "9"]
[EventCountry "UAE"]

1.d4 Nf6 2.Nf3 e6 3.Bg5 c5 4.e3 b6 5.Be2 Bb7 6.O-O Be7 7.Nbd2 O-O 8.c3 d6 9.Rc1
Nbd7 10.Qc2 a6 11.Rfd1 h6 12.Bh4 Rc8 13.Qb1 b5 14.b4 cxd4 15.cxd4 Nb6 16.Rxc8
Qxc8 17.Rc1 Qa8 18.Bd3 Rc8 19.a3 g5 20.Bg3 Nh5 21.Rxc8+ Qxc8 22.Qc2 Qxc2 23.Bxc2
f5 24.h3 Nxg3 25.fxg3 Kf7 26.Kf2 h5 27.g4 hxg4 28.hxg4 Bc8 29.Nh2 Bf6 30.Bb3 Ke7
31.gxf5 exf5 32.g4 d5 33.Kf3 Nc4 34.Nxc4 dxc4 35.Bc2 Bb7+ 36.Ke2 f4 37.Nf3 fxe3
38.Kxe3 Bxf3 39.Kxf3 Bxd4 40.Ke4 Bb2 41.Kd5 Bxa3 42.Kc5 Kd7 43.Be4 Kc7 44.Bc2
Bc1 45.Kd5 Kb6

[Event "13th Dubai open 2011"]
[Site "Dubai Chess club"]
[Date "2011.04.10"]
[Round "1"]
[Board "1"]
[White "Saud, Mohamed"]
[Black "Guliev, Sarhan"]
[Result "0-1"]
[WhiteElo "2087"]
[BlackElo "2497"]
[PlyCount "74"]
[EventDate "2011.04.10"]
[EventRounds "9"]
[EventCountry "UAE"]

1.d4 Nf6 2.Nf3 e6 3.g3 c5 4.Bg2 Nc6 5.O-O d5 6.b3 Be7 7.Bb2 O-O 8.Nbd2 b6 9.c4
Bb7 10.e3 Rc8 11.Ne5 cxd4 12.exd4 Rc7 13.Rc1 dxc4 14.Ndxc4 b5 15.Nxc6 Bxc6
16.Bxc6 Rxc6 17.Ne5 Ra6 18.Qe2 Rxa2 19.Nc6 Qd7 20.Nxe7+ Qxe7 21.Ra1 Rxa1 22.Rxa1
Qb7 23.d5 Nxd5 24.Qe5 Nf6 25.Qc5 a6 26.Bxf6 gxf6 27.Qd4 Qf3 28.Rxa6 Rc8 29.Ra1
Rc2 30.Re1 Kg7 31.h4 h5 32.Qe3 Rc3 33.Qxf3 Rxf3 34.Re3 Rxe3 35.fxe3 f5 36.Kf2
Kf6 37.b4 Ke5

[Event "13th Dubai open 2011"]
[Site "Dubai Chess club"]
[Date "2011.04.10"]
[Round "1"]
[Board "1"]
[White "Carlsson, Pontus"]
[Black "Greeff, Melissa"]
[Result "1-0"]
[WhiteElo "2496"]
[BlackElo "2080"]
[PlyCount "79"]
[EventDate "2011.04.10"]
[EventRounds "9"]
[EventCountry "UAE"]

1.e4 c5 2.Nf3 e6 3.d4 cxd4 4.Nxd4 a6 5.Bd3 Nc6 6.Nxc6 dxc6 7.Nd2 e5 8.Nc4 Qc7
9.Qh5 Bd6 10.Qg5 g6 11.f4 f6 12.Qg3 Be6 13.fxe5 Bxe5 14.Nxe5 Qxe5 15.Qxe5 fxe5
16.Bg5 Kd7 17.O-O-O Kc7 18.Rhf1 Re8 19.h3 h6 20.Bh4 Rh7 21.Bg3 Bf7 22.Rf2 h5
23.Rdf1 Nh6 24.Rf6 Re7 25.Bh4 Rd7 26.R6f3 b5 27.b3 Ng8 28.Rg3 Ne7 29.Bf6 c5
30.Bxe5+ Kb7 31.Bf6 c4 32.bxc4 bxc4 33.Be2 Nc6 34.Rd1 Rxd1+ 35.Kxd1 Kb6 36.Kd2
Be8 37.Bxc4 Rd7+ 38.Rd3 Na5 39.Bd5 Rd6 40.e5